Tvorba autorských diel v pracovnom práve

Bibliographic Details
Main Author: Vojčík, Peter, 1951- (Author)
Format: Article
Language:Slovak
ISSN:0032-6984
Subjects:
Online Access:www.sappress.sk

MARC

LEADER 00000nab a2200000 a 4500
001 vtls008297462
003 SK-MaSNL
005 20260304133838.0
008 250505c2005 xo mr|p|||||||000 b|slo
015 |a SNBRB2005/08 
035 |a (uuid)b74e8a97-f117-4034-b763-a71c43001954 
035 |a urn:nbn:sk:snk-ab29xn 
035 |a (urnnbn)urn:nbn:sk:snk:ar-a02062 
038 |a SNKBUCL 
040 |a SNKBUCL  |b slo  |c SNKBUCL  |e AACR2 
041 0 |a slo  |b eng 
044 |a xo  |c SK 
080 |a 347.78  |2 1997 
080 |a 349.2  |2 1997 
100 1 |a Vojčík, Peter,  |d 1951-  |4 aut  |9 190741 
245 1 0 |a Tvorba autorských diel v pracovnom práve  |c Peter Vojčík 
504 |a Bibliogr. odkazy 
546 |a Res. angl. 
650 0 7 |a pracovný pomer  |2 snkbucl  |9 202861 
650 0 7 |a autorské právo  |2 snkbucl  |9 2215 
773 0 |t Právny obzor  |g Roč. 88., č. 1 (2005), s. 150-158  |x 0032-6984 
850 |a Slovenská národná knižnica 
852 |a Slovenská národná knižnica 
856 4 1 |u www.sappress.sk 
954 |a odborná, vedecká literatúra pôvodná (slovenská)  |2 lita 
958 |a article27 
958 |a NB 
958 |a OND 
958 |a EUIPO 
999 |c 2903939  |d 2905869